Technology making critical choices in a dynamic world integration

Saved in:
Bibliographic Details
Main Author: Iansiti, Marco 1961-
Format: Book
Language:English
Published: Boston, Mass. : Harvard Business School press, c1998
Series:The management of innovation and change series
Subjects:
Tags: Add Tag
No Tags, Be the first to tag this record!

MARC

LEADER 00000nam a2200000 i 4500
001 1/106015
008 000330s1998 eng d
020 |a 0875847870 
035 |l 10059468 
040 |a GR-MY-UA  |b gre  |e aacr 
041 0 |a eng 
082 0 |a 607.2 
100 1 |a Iansiti, Marco  |d 1961- 
245 1 0 |a Technology making critical choices in a dynamic world integration /  |c Marco Iansiti 
260 |a Boston, Mass. :   |b Harvard Business School press,   |c c1998 
300 |a xii, 249 p.;  |b ill.;  |c 24 cm. 
490 1 |a The management of innovation and change series 
504 |a Includes bibliographical references and index 
650 0 0 |a Research, Industrial  |x Management. 
650 0 0 |a Technology  |x Management. 
650 0 0 |a Computer industry  |x Management. 
830 0 |a The management of innovation and change series 
852 |a INST  |b SAMOS  |e 20000330  |h 607.2 IAN  |p 005300018126  |q 005300018126  |t BK  |y 0 
901 |a BIBL3-2000-1 
909 |a Σ  |b 074066 
922 |a 3ΕΛΗ  |b 200001  |c ΤΠΕΣ  |d ΠΑΠΑΣΩΤΗΡΙΟΥ 
970 |a ΓΕΝΟΥΖΟΥ  |b ΧΡΥΣΑΝΘΗ  |z 2000/03/30